Datum a čas kvízu
19.5
Celkem bodů
Celkový počet nahraných bodů na tomto kvízu bez doplňovacích otázek.
7.
Pořadí na kvízu
Konečné umístění týmu na tomto kvízu.
Zaznamenané odpovědi
| # | Otázka | Odpověď | Body | Výsledky |
|---|---|---|---|---|
| 1. | Policie Zlínského kraje vydala... | medvěd | 1 | |
| 2. | Švýcarský výrobce nožů Victori... | nebude obsahovat nožík/čepel | 1 | |
| 3. | Pod kterým pseudonymem působí... | Nemo | 1 | |
| 4. | Někteří obyvatelé Německa, pře... | kebab | 0 | |
| 5. | Po dvanáctidenní plavbě dovezl... | Marseille | 1 | |
| 6. | Podíváme se do zemí či krajů,... | Genovia, Anne Hathaway | 1 | |
| 7. | Jak se nazývá chudé království... | A) Monte Albo | 1 | |
| 8. | Toto fiktivní království někol... | Wakanda, vibranium | 0 | |
| 9. | Přiřaďte tyto postavy z knižní... | 1C 2B 3D 4A | 0 | |
| 10. | Děj které humoristické novely... | Rozmarné léto | 0 |